=LDR 00000nam 2200000 4500 =001 INLIS000000000034637 =005 20240403095354 =035 ##$$a 0010-061300000034637 =008 240403################g##########0#ind## =041 ##$$a ind =082 ##$$a 028.55 =090 ##$$a 028.55, Aus a =100 ##$$a Ausop, KH. Asep Zainal =245 1#$$a Aku anak beriman /$c K.H.Asep Zainal Ausop =260 ##$$a Bekasi :$b Ananda Baika,$c 2008 =300 ##$$a v,58 hlm : $b Ilus. ; $c 25 cm =650 #4$$a Bacaan Kanak-kanak =850 ##$$a NBPNMAT =020 ##$$a 9799799968387 =084 ##$$a 028.55 AUS a =990 ##$$a 0001/BPAP-NTB/2016 =990 ##$$a 06750675 =990 ##$$a 21009058 =990 ##$$a 0001/BPAP-NTB/2016